Diccionario de la Lengua Española. (Registro nro. 3049)

Detalles MARC
000 -LEADER
fixed length control field 00602nam a22001817a 4500
008 - CAMPO DE CONTROL (LIBRO)
fixed length control field 191031t2012 sp |||g |||| 000 0 spa d
020 ## - INTERNATIONAL STANDARD BOOK NUMBER
ISBN 9789686321272
041 ## - CODIGO DE IDIOMA
Código de idioma del texto/pista de sonido o título separado spa
092 ## - SIGNATURA TOPOGRAFICA DEWEY LOCAL
número de clasificación 403
libristica 16
sección DIC
110 1# - ENTRADA PRINCIPAL-AUTOR CORPORATIVO
Nombre de la institución, jurisdicción como entrada principal Océano Grupo Editorial.
9 (RLIN) 348
245 ## - TITULO PROPIAMENTE DICHO
Título Diccionario de la Lengua Española.
Subtítulo y Título paralelo Océano Práctico /
Mención de responsabilidad y remanente de la transcripción de la portada Océano Grupo Editorial.
250 ## - MENCION DE EDICION
Mención de edición 1a ed.
260 ## - PIE DE IMPRENTA
Lugar de publicación, distribución, etc México:
Nombre de la editorial, distribuidor, etc Océano;
Fecha de publicación 2012.
300 ## - DESCRIPCION FISICA
Extension 786 p.
500 ## - NOTA GENERAL
Nota general Océano Grupo Editorial. (2012). Diccionario de la Lengua Española océano práctico. (1a ed.). México : Océano.
653 ## - TÉRMINO INDIZADO - PALABRAS CLAVES
Palabra clave Diccionario
942 ## - ADDED ENTRY ELEMENTS (KOHA)
Source of classification or shelving scheme Dewey Decimal Classification
Item type Libros
Existencias
Estado de retiro Existencia Fuente de clasificación Estado general No para prestamo Ubicación permanente ubicación actual Sala de ubicación Fecha de adquisición Fuente de adquisición Costo, precio normal de compra Total Checkouts Número de clasificación Código de barras Date last seen Número de ejemplar Price effective from Koha tipo de elemento (item) Public note
    Dewey Decimal Classification     Biblioteca Medicina Biblioteca Medicina Circulación 31/10/2019 Compra presupuesto UNCO oct. 2019 350.00   403 16 DIC 4590 31/10/2019 Ej. 1 31/10/2019 Libros Compra presupuesto UNCO oct. 2019
    Dewey Decimal Classification     Biblioteca Medicina Biblioteca Medicina Circulación 31/10/2019 Compra presupuesto UNCO oct. 2019 350.00   403 16 DIC 4591 31/10/2019 Ej. 2 31/10/2019 Libros Compra presupuesto UNCO oct. 2019
    Dewey Decimal Classification     Biblioteca Medicina Biblioteca Medicina Circulación 31/10/2019 Compra presupuesto UNCO oct. 2019 350.00   403 16 DIC 4592 31/10/2019 Ej. 3 31/10/2019 Libros Compra presupuesto UNCO oct. 2019
    Dewey Decimal Classification     Biblioteca Medicina Biblioteca Medicina Circulación 31/10/2019 Compra presupuesto UNCO oct. 2019 350.00   403 16 DIC 4593 31/10/2019 Ej. 4 31/10/2019 Libros Compra presupuesto UNCO oct. 2019
    Dewey Decimal Classification     Biblioteca Medicina Biblioteca Medicina Circulación 04/11/2019 Compra presupuesto UNCo. Octubre, 2019. 350.00   403 16 DIC 4594 04/11/2019 Ej. 5 04/11/2019 Libros Compra presupuesto UNCo. Octubre, 2019.

UNIVERSIDAD NACIONAL DEL COMAHUE
Biblioteca de la Facultad de Ciencias Médicas
Sede Toschi: Los Arrayanes y Av. Toschi, Cipolletti  - Rio Negro
Sede Los Tordos:  Yrigoyen al 2211, Cipolletti - Rio Negro 

Teléfono: 0299 - 4774707 int 25
Contacto: biblioteca@facimed.uncoma.edu.ar
© 2011 - 2026